| 000 | 00953cam a2200301 a 4500 | ||
|---|---|---|---|
| 001 | 8480 | ||
| 003 | IVS | ||
| 005 | 20250626030110.0 | ||
| 008 | 030207s2004 nyua b 001 0 eng | ||
| 010 | _a 2003102030 | ||
| 020 | _a1563672804 | ||
| 035 | _a(DLC) 2003102030 | ||
| 040 |
_aDLC _cDLC _dDLC |
||
| 043 | _an-us--- | ||
| 050 | 0 | 0 |
_aTT496.U6 _bS76 2004 |
| 082 | 0 | 0 |
_a746.92 _222 _b8480 |
| 100 | 1 | _aStone, Elaine. | |
| 245 | 1 | 4 |
_aThe dynamics of fashion / _cElaine Stone. |
| 250 | _a2nd ed. | ||
| 260 |
_aNew York, NY : _bFairchild Publications, _c2004. |
||
| 300 |
_axxi, 506 p. : _bill. ; _c28 cm. |
||
| 504 | _aIncludes bibliographical references and index. | ||
| 650 | 0 |
_aClothing trade _zUnited States. |
|
| 650 | 0 |
_aFashion _zUnited States. |
|
| 906 |
_a7 _bcbc _corignew _d2 _eepcn _f20 _gy-gencatlg |
||
| 942 |
_2ddc _cREF _n0 |
||
| 999 |
_c6500 _d6500 |
||